000 00534nam a2200193 a 4500
001 1770888360012
003 YourLibrary
005 20260212145936.0
008 260212s1977##################000#0#eng##
020 _a9780521292085
082 0 4 _a330.9402
_bMIS
100 1 _aMiskimin, Harry A.,
_eauthor.
245 1 0 _aThe Economy of Later Renaissance Europe 1460-1600 :
260 _bCambridge University Press,
_c1977.
300 _a244 pages
650 0 _aHistory.
942 _cENGLISH
040 _aYourLibrary
_beng
_cYourLibrary
999 _c612006
_d612006